ბათუმის შოთა რუსთაველის სახელმწიფო უნივერსიტეტის ბიბლიოთეკა

სასწავლო კურსი კომპიუტერულ საბუღალტრო პროგრამა ორის-ბუღალტერიაში (ბიბ.ჩანაწერი № 34463)

000 -LEADER
fixed length control field 00741nam a2200217Ia 4500
001 - CONTROL NUMBER
control field 212
003 - CONTROL NUMBER IDENTIFIER
control field GE_BSU
008 - FIXED-LENGTH DATA ELEMENTS--GENERAL INFORMATION
fixed length control field 181216s||||||||xx |||||||||||||| ||und||
040 ## - CATALOGING SOURCE
Transcribing agency GE_BSU
080 ## - UNIVERSAL DECIMAL CLASSIFICATION NUMBER
Universal Decimal Classification number 657
100 ## - MAIN ENTRY--PERSONAL NAME
Personal name აბესაძე,თემურ
245 ## - TITLE STATEMENT
Title სასწავლო კურსი კომპიუტერულ საბუღალტრო პროგრამა ორის-ბუღალტერიაში
250 ## - EDITION STATEMENT
Edition statement მე-3 გამოც.
260 ## - PUBLICATION, DISTRIBUTION, ETC.
Place of publication, distribution, etc. თბილისი
260 ## - PUBLICATION, DISTRIBUTION, ETC.
Date of publication, distribution, etc. 2006
300 ## - PHYSICAL DESCRIPTION
Extent 296 გვ.
653 ## - INDEX TERM--UNCONTROLLED
Uncontrolled term ბუღალტერია
653 ## - INDEX TERM--UNCONTROLLED
Uncontrolled term პროგრამა ორის-ბუღალტერია
942 ## - ADDED ENTRY ELEMENTS (KOHA)
Koha item type წიგნი
ეგზემპლარები
Withdrawn status Lost status Damaged status Not for loan Date acquired Barcode Date last seen Price effective from Koha item type
        2018-12-17 1519 2018-12-17 2018-12-17 წიგნი